00409nam a22001697a 4500003000700000005001700007008004100024020001800065082001400083100001100097245004000108250001100148260003700159300000800196490002100204650001400225MPLRDC20220104124724.0210129b ||||| |||| 00| 0 eng d a957-28779-8-4 a411.1 YJ  a杨俊 a看脸色。健康写在你脸上c a初版 a台湾b咖啡田文化馆c2003 b215 a健康之窗: 03 a健康法